Responses for show #7937 - Tuesday, February 26, 2019

2019 All-Star Games match 2, continuation of game 1.

Contestants

[<< previous game]

Team Julia

Playing the Jeopardy! Round: Ben Ingram, a business technology integration consultant from Lake Wylie, South Carolina

Playing the Double Jeopardy! Round: Seth Wilson, a private events manager from Chicago, Illinois

Playing the Final Jeopardy! Round: Julia Collins, an administrator of a female-centric website from Wilmette, Illinois

Team Austin

Playing the Jeopardy! Round: Austin Rogers, a bartender from New York, New York

Playing the Double Jeopardy! Round: Roger Craig, a machine learning consultant from Newark, Delaware

Playing the Final Jeopardy! Round: Leonard Cooper, a graduate student at Brown University from Little Rock, Arkansas

Team Ken

Playing the Jeopardy! Round: Ken Jennings, a writer from Seattle, Washington

Playing the Double Jeopardy! Round: Matt Jackson, a digital fundraising professional from Washington, D.C.

Playing the Final Jeopardy! Round: Monica Thieu, a Ph.D. student in psychology from New York, New York

[next game >>]

Jeopardy! Round responses

THE STORE WAS CLOSED!
GREAT NICKNAMES
ANIMAL TALK
CLASSIC MOVIES
RANKS & TITLES
BOOK OF THE CENTURY
(Alex: The correct response will be naming the century.)
    $200 17
develop your film

Ken
    $200 11
Lincoln

Ben
    $200 22
a wolf

Ben
    $200 9
you do not talk about Fight Club

Ken
    $200 12
admiral

Ben
    $200 23
the 19th century

Ben
    $400 18
(Austin: What is [*]?)
(Alex: You're out of the hole.)
(Austin: Thank you.)

Tower

Austin
    $400 10
Mahatma

Ken
    $400 29
a snake

Ben
    $400 4
Bonnie and Clyde

Ken
    $400 13
emeritus

Austin
    $400 24
(Austin: What is the 16th?)

the 17th (or the 1600s)

AustinBen
    $600 19
shoes

Austin
    $600 5
(Alex: Austin and Ben, are your signaling devices working? I'm a little concerned.)
(Austin: Yes, unfortunately. They are.)

Greg Norman

Ken
    $600 30
rabbit ears

Austin
    $600 1
Suspiria

Ken
    $600 14
honourable

Ben
    $600 7
(Austin: What is the 17th century?)

the 18th century (or the 1700s)

KenAustin
    $800 20
FAO Schwarz

Ken
    $800 6
Gregory

Ben
    $800 28
(Ken: What's fish to water?)

duck to water

KenBen
    $800 2
(Ken: Who is--it's not Buzzy. Who is [*]?)
[Laughter]
(Alex: You would have been correct in--with both of them.)

Harold Lloyd

Ken
    $800 15
pundit

Ben
    $800 25
(Austin: What is [*]?)
(Alex: You got it.)
(Austin: Yay!)

the 15th

Austin
    $1000 21
Sharper Image

Ken
    $4,000 8
Sir Walter Scott

Ken
    $1000 27
the elephant in the room

Ken
    $1000 3
His Girl Friday

Ken
    $1000 16
(Matthew) Perry

Ben
    $1000 26
(Ken: What is the 13th?)

the 14th

KenAustin

Scores at the first commercial break (after clue 15):

Team Ken Team Austin Team Julia
$8,600 -$200 $2,600

Scores at the end of the Jeopardy! Round:

Team Ken Team Austin Team Julia
$9,800 $2,800 $5,600

Double Jeopardy! Round responses

ANCIENT AGRICULTURE
JUST THE FACTS
LAKES & RIVERS
LEADERS
"INTER"
LAUGHING
    $400 26
maize

Roger
    $400 27
House Minority Leader

Matt
    $400 28
New Zealand

Matt
    $400 29
(Chester) Arthur

Seth
    $400 30
intervention

Seth
    $400 25
(Jimmy) Fallon

Roger
    $800 14
a plow

Roger
    $800 8
(Roger: What is... lemur?)

the gibbon

Roger
Triple Stumper
    $8,500 13
the Mekong

Matt
    $800 2
United Auto Workers

Roger
    $800 24
interceptions

Matt
    $800 5
Steve Martin & Dan Aykroyd

Matt
    $4,000 18
nitrogen

Matt
    $1200 7
(Roger: What is 28,000 feet?)

29,000

MattRoger
    $1200 19
(Roger: What is Saskatchewan?)

Manitoba

MattRoger
    $1200 4
Spike Jones

Triple Stumper
    $1200 23
intercoms

Roger
    $1200 6
(Rachel) Bloom

Seth
    $1600 17
aquifer

Matt
    $1600 9
The Comedy of Errors

Seth
    $1600 20
Peru

Roger
    $1600 1
Hungary

Matt
    $1600 22
internal combustion engine

Matt
    $1600 10
Fawlty Towers

Matt
    $2000 15
(Roger: What is vinegar?)
[A commercial break is taken after the 15th clue.]

olive oil

Roger
Triple Stumper
    $2000 12
Atlanta

Matt
    $2000 21
the Ebro

Roger
    $2000 3
(Charles) Taylor

Matt
    $2000 16
internecine

Roger
    $2000 11
(Harvey) Korman

Seth

Scores at the end of the Double Jeopardy! Round:

Team Ken Team Austin Team Julia
$37,500 $6,800 $11,200

Final Jeopardy! Round responses

EUROPEAN ARTISTS
LeonardWho is Rembrandt
$1,200
JuliaWho is Michaelangelo?
$11,200
MonicaWho is Rembrandt?
$2,503
Rembrandt van Rijn

Final scores:

Team Ken Team Austin Team Julia
$40,003 $8,000 $0

Game dynamics:

Coryat scores:

Team Ken Team Austin Team Julia
$24,000 $6,800 $11,200
27 R
(including 3 DDs),
2 W
14 R,
6 W
16 R,
0 W

Combined Coryat: $42,000

The J! Archive is created by fans, for fans. The Jeopardy! game show and all elements thereof, including but not limited to copyright and trademark thereto, are the property of Jeopardy Productions, Inc. and are protected under law. This website is not affiliated with, sponsored by, or operated by Jeopardy Productions, Inc. Join the discussion at JBoard.tv.